000 01136nam a2200229Ia 4500
999 _c56162
_d56162
001 23263
003 GE_BSU
005 20251202212644.0
008 181216s1968||||geo|||||||||||||| ||geo||
040 _cGE_BSU
041 _ageo
080 _a94(479.22:470.67) ბ-88
100 _aბოცვაძე, თეიმურაზ
_926326
245 _aსაქართველო-დაღესტნის ურთიერთობის ისტორიიდან : (XV-XVIII სს.) /
_cთეიმურაზ ბოცვაძე ; რედ. ზ. ანჩაბაძე.
264 _aთბილისი :
_bმეცნიერება,
_c1968.
300 _a205 გვ. ;
_c21 სმ.
541 _h80 თ.
653 _aსაქართველო-დაღესტნის ურთიერთობების ისტორია
653 _aსაქართველო-დაღესტნის ურთიერთობის ისტორიიდან : (XV-XVIII სს.)
700 _aანჩაბაძე, ზ.
_eრედაქტორი
_926327
942 _cBK
_2udc